[Event "Novokuznetsk Goriainov Memorial op"]
[Site "Novokuznetsk"]
[Date "2007.08.21"]
[Round "8"]
[White "Lyashenko, Anna"]
[Black "Stroganov, Denis"]
[Result "1-0"]
[WhiteElo "1999"]
[BlackElo "2147"]
[PlyCount "83"]
[EventDate "2007.08.14"]
[EventType "swiss"]
[EventRounds "9"]
[EventCountry "RUS"]
[SourceTitle "EXT 2009"]
[Source "ChessBase"]
[SourceDate "2008.11.26"]
[SourceVersion "1"]
[SourceVersionDate "2008.11.26"]
[SourceQuality "1"]

1. e4 c5 2. Nf3 d6 3. d4 cxd4 4. Nxd4 Nf6 5. Nc3 g6 6. f3 Bg7 7. Be3 0-0 8. Qd2 Nc6 9. Nb3 Be6 10. 0-0-0 Rc8 11. g4 Ne5 12. Nd4 Bc4 13. b3 Bxf1 14. Rhxf1 Qa5 15. Na4 Qa6 16. h4 Nc4 17. Qd3 b5 18. bxc4 bxa4 19. Nb5 Nd7 20. Bd4 Ne5 21. Bxe5 Bxe5 22. f4 Bg7 23. Rfe1 Rc5 24. Re2 Rfc8 25. Na3 Qa5 26. c3 Bxc3 27. Rc2 Bg7 28. Qe3 Rb8 29. Rd5 Qb4 30. Rxc5 Bb2+ 31. Kd1 dxc5 32. Nb5 Rd8+ 33. Ke2 a6 34. a3 Qb3 35. Qxb3 axb3 36. Rxb2 axb5 37. cxb5 c4 38. a4 Kf8 39. b6 Rd6 40. a5 Ke8 41. b7 Rd8 42. a6 1-0